000 00759nas a2200253 4500
001 BR7601005
003 BR-BrBNA
005 20231205082918.0
007 ta
008 230509b bl.|||p| |||| 00| 00por d
040 _aBR-BrBNA
_bpor
_cBiblioteca Nacional de Agricultura
041 _a(Pt)
072 _aH10
100 1 _aBotelho, P.S.M.
100 1 _aNakano, O.
100 1 _aRodella, R.J.
245 1 _aAcao de alguns inseticidas sobre a broca das Curcubitaceas. Margaronia nitidalis (Cramer, 1782)
650 _aABOBORA
650 _aINSETICIDA
650 _aBROCA
773 0 _tRevista de Agricultura (Brazil)
_xISSN 0034-7655
_g(Dec 1975), v. 50(3-4) p. 157-161
_wBR7601005
909 _a202311
_bLúcia
_c55
_dLúcia Elande
942 _2AGRIS
_n0
_cANA
999 _c95052
_d95052